03073nac a22002771u 4500010001700000020002200017020001500039035002300054082002300077090001500100100003400115245007000149260009200219300003300311504005100344505198200395650002402377650002302401700003102424710002102455856008002476856009102556942002502647999001502672952010802687 a 2002391657 a0761974121 (HBK.) a076197413X a(OCoLC)ocm47900796 a658.4012 21bM4782 c4138d4138 aMazzucato, Mariana [ed 00aStrategy for business :ba reader /cedited by Mariana Mazzucato. aLondon ;aThousand Oaks, Calif. :bSage in association with the Open University,c2002. axi, 378 p. :bill. ;c25 cm. aIncludes bibliographical references and index.8 aMachine generated contents note: SECTION 1 Different Views of Strategy -- CHAPTER 1 -- What is Strategy? -- Michael E. Porter -- CHAPTER 2 -- Theories of Strategy -- Richard Whittington -- CHAPTER 3 -- Of Strategies, Deliberate and Emergent -- Henry Mintzberg andJames A. Waters -- SECTION 2 Industry Effects -- CHAPTER 4 -- Analyzing the Industry Environment -- Robert M. Grant -- CHAPTER 5 -- Industry Evolution -- Robert M. Grant -- CHAPTER 6 -- The Firm Matters More than the Industry -- Charles Baden-Fuller andJohn Stopford -- SECTION 3 Firm Effects: Resources, Capabilities and Core Competencies -- CHAPTER 7 -- The Firm as an Administrative Organization -- Edith T. Penrose -- CHAPTER 8 -- Looking Inside for Competitive Advantage -- Jay B. Barney -- CHAPTER 9 -- Dynamic Capabilities and Strategic Management -- David J. Teece, Gary Pisano and Amy Shuen -- SECTION 4 Strategic Innovation and Firm Size -- CHAPTER 10 -- Limits of the Learning Curve -- William J. Abernathy and Kenneth Wayne -- CHAPTER 1 -- Architectural Innovation: the Reconfiguration of Existing Product Technologies and the Failure of Established Firms -- Rebecca M. Henderson and Kim B. Clark -- CHAPTER 12 -- Strategic Innovation in Established Companies -- Constantinos Markides -- SECTION 5 Organizational Structure, Learning and Knowledge Management -- CHAPTER 13 -- The Dynamics of Industrial Capitalism: Perspectives on Alfred Chandler's Scale and Scope -- David. Teece -- CHAPTER 14 -- Absorptive Capacity: a New Perspective on Learning and Innovation -- Wesley M. Cohen and Daniel A. Levinthal -- CHAPTER 15 -- Strategic Thinking and Knowledge Management -- Ysanne Carlisle -- SECTION 6 Changing Contexts: the Global Information -- Economy -- CHAPTER 16 -- Global Strategy: an Organizing Framework -- Sumantra Ghoshal -- CHAPTER 17 -- Increasing Returns and the New World of Business -- W. Brian Arthur -- CHAPTER 18 -- Global Strategy in the Twenty-first Century -- George S. Yip -- Index. 0aStrategic planning. 0aBusiness planning.1 aMazzucato, Mariana,d1968-2 aOpen University.413Table of contents onlyuhttp://www.loc.gov/catdir/toc/fy032/2002391657.html413Publisher descriptionuhttp://www.loc.gov/catdir/enhancements/fy0657/2002391657-d.html cBBk658.4012 2 M4782 c4138d4138 00104070aMAINbMAINc1STd2007-08-22ePurchasel0o658.40122 MAZp000000249r2025-07-15 00:00:00yBB